Nommés au César du meilleur film - Statistiques

Statistiques générales
  • Ce quiz a été pris 281 fois
    167 depuis la dernière actualisation
  • Le résultat moyen est 91 sur 271
Statistiques - réponses
Année Réalisateur.ice Film % Correct
2024 Justine Triet Anatomie d'une chute
79%
2020 Roman Polanski J'accuse
75%
2023 Dominik Moll La Nuit du 12
75%
2012 Michel Hazanavicius The Artist
75%
2021 Albert Dupontel Adieu les cons
71%
2012 Olivier Nakache et Eric Toledano Intouchables
71%
1996 Mathieu Kassovitz La Haine
71%
2025 Matthieu Delaporte et Alexandre de la Patelliere Le Comte de Monte-Cristo
67%
2002 Jean-Pierre Jeunet Le Fabuleux Destin d'Amélie Poulain
67%
2020 Ladj Ly Les Misérables
67%
2022 Valérie Lemercier Aline
63%
2013 Michael Haneke Amour
63%
2022 Cédric Jimenez BAC Nord
63%
2025 Jacques Audiard Emilia Pérez
63%
2003 Cédric Klapisch L'Auberge espagnole
63%
1989 Luc Besson Le Grand Bleu
63%
2003 Roman Polanski Le Pianiste
63%
2018 Olivier Nakache et Eric Toledano Le Sens de la fête
63%
2012 Maïwenn Polisse
63%
2017 Paul Verhoeven Elle
58%
2022 Xavier Giannoli Illusions perdues
58%
2014 Guillaume Gallienne Les Garçons et Guillaume, à table !
58%
1994 Jean-Marie Poiré Les Visiteurs
58%
2007 Guillaume Canet Ne le dis à personne
58%
2010 Jacques Audiard Un prophète
58%
2003 François Ozon 8 Femmes
54%
2023 Cédric Klapisch En corps
54%
2008 Olivier Dahan La Môme
54%
2014 Abdellatif Kechiche La Vie d'Adèle
54%
1995 Luc Besson Léon
54%
2024 Thomas Cailley Le Règne animal
54%
2020 Céline Sciamma Portrait de la jeune fille en feu
54%
1991 Jean-Paul Rappeneau Cyrano de Bergerac
50%
2019 Xavier Legrand Jusqu'à la garde
50%
1989 Etienne Chatiliez La vie est un long fleuve tranquille
50%
1984 Ettore Scola Le Bal
50%
1981 François Truffaut Le Dernier Métro
50%
1999 Francis Veber Le Dîner de cons
50%
2001 Agnès Jaoui Le Goût des autres
50%
2019 Gilles Lellouche Le Grand Bain
50%
1976 Robert Enrico Le Vieux Fusil
50%
2015 Bertrand Bonello Saint Laurent
50%
2018 Robin Campillo 120 battements par minute
46%
1988 Louis Malle Au revoir les enfants
46%
2006 Jacques Audiard De battre mon coeur s'est arrêté
46%
2013 Jacques Audiard De rouille et d'os
46%
2019 Alex Lutz Guy
46%
2008 Abdellatif Kechiche La Graine et le Mulet
46%
2013 Matthieu Delaporte et Alexandre de La Patellière Le Prénom
46%
1989 Jean-Jacques Annaud L'Ours
46%
2016 Maïwenn Mon roi
46%
1991 Luc Besson Nikita
46%
1998 Alain Resnais On connaît la chanson
46%
1988 Maurice Pialat Sous le soleil de Satan
46%
2015 Abderrahmane Sissajo Timbuktu
46%
1986 Coline Serreau Trois hommes et un couffin
46%
2014 Albert Dupontel 9 mois ferme
42%
2003 Costa-Gavras Amen.
42%
1989 Bruno Nuytten Camille Claudel
42%
2013 Noémie Lvovsky Camille redouble
42%
2011 Xavier Beauvois Des hommes et des dieux
42%
2009 Laurent Cantet Entre les murs
42%
1996 Josiane Balasko Gazon maudit
42%
2000 Luc Besson Jeanne d'Arc
42%
2020 Nicolas Bedos La Belle Epoque
42%
1982 Jean-Jacques Annaud La Guerre du feu
42%
2012 Valérie Donzelli La guerre est déclarée
42%
1995 Patrice Chéréau La Reine Margot
42%
1998 Luc Besson Le Cinquième Elément
42%
2024 Cédric Kahn Le Procès Goldman
42%
2005 Christophe Barratier Les Choristes
42%
1985 Claude Zidi Les Ripoux
42%
2025 Boris Lojkine L'Histoire de Souleymane
42%
1997 Patrice Leconte Ridicule
42%
1986 Luc Besson Subway
42%
1999 Gérard Pirès Taxi
42%
1990 Bertrand Blier Trop belle pour toi
42%
2005 Jean-Pierre Jeunet Un long dimanche de fiançailles
42%
2022 Leos Carax Annette
38%
1982 Bertrand Tavernier Coup de torchon
38%
2021 François Ozon Eté 85
38%
2011 Joann Sfar Gainsbourg (vie héroïque)
38%
2020 François Ozon Grâce à Dieu
38%
2015 Thomas Lilti Hippocrate
38%
2020 Eric Toledano et Olivier Nakache Hors normes
38%
1993 Régis Wargnier Indochine
38%
1992 Jacques Rivette La Belle Noiseuse
38%
2023 Valéria Bruni Tedeschi Les Amandiers
38%
2008 Julian Schnabel Le Scaphandre et le Papillon
38%
2021 Emmanuel Mouret Les Choses qu'on dit, les choses qu'on fait
38%
2015 Thomas Cailley Les Combattants
38%
2011 Benoît Délépine et Gustave Kervern Mammuth
38%
1997 Gabriel Aghion Pédale douce
38%
2008 Vincent Paronnaud et Marjane Satrapi Persepolis
38%
2020 Arnaud Desplechin Roubaix, une lumière
38%
1987 Bertrand Blier Tenue de soirée
38%
1992 Alain Corneau Tous les matins du monde
38%
1992 Maurice Pialat Van Gogh
38%
2000 Tonie Marshall Vénus Beauté (Institut)
38%
2010 Philippe Lioret Welcome
38%
2005 Olivier Marchal 36 quai des Orfèvres
33%
2018 Albert Dupontel Au revoir là-haut
33%
2018 Mathieu Amalric Barbara
33%
2013 François Ozon Dans la maison
33%
2017 Houda Benyamina Divines
33%
2025 Emmanuel Courcol En Fanfare
33%
2003 Nicolas Philibert Être et avoir
33%
2016 Yasmina Nini-Faucon Fatima
33%
2001 Dominik Mill Harry, un ami qui vous veut du bien
33%
2007 Rachid Bouchareb Indigènes
33%
1987 Claude Berri Jean de Florette
33%
2006 Christian Carion Joyeux Noël
33%
1996 Claude Chabrol La Cérémonie
33%
1993 Coline Serreau La Crise
33%
2007 Pascale Ferran Lady Chatterley
33%
2016 Stéphane Brizé La Loi du marché
33%
2011 Pascal Chaumeil L'Arnacoeur
33%
2014 Roman Polanski La Vénus à la fourrure
33%
2012 Aki Kaurismäki Le Havre
33%
2014 Asghar Farhadi Le Passé
33%
2013 Benoît Jacquot Les Adieux à la reine
33%
1993 Cyril Collard Les Nuits fauves
33%
2005 Abdellatif Kechiche L'Esquive
33%
2017 Bruno Dumont Ma Loute
33%
1998 Robert Guédiguian Marius et Jeannette
33%
2025 Alain Guiraudie Miséricorde
33%
1977 Joseph Losey Monsieur Klein
33%
2016 Deniz Gamze Ergüven Mustang
33%
2018 Grand Corps Malade et Mehdi Idir Patients
33%
1978 Alain Resnais Providence
33%
1976 Bertrand Tavernier Que la fête commence ...
33%
1994 Alain Resnais Smoking/No smoking
33%
1994 Krzysztof Kieslowski Trois couleurs : Bleu
33%
1995 Krzysztof Kieslowski Trois couleurs : Rouge
33%
1997 Cédric Klapisch Un air de famille
33%
1984 Maurice Pialat A nos amours
29%
1999 Patrice Chéreau Ceux qui m'aiment prendront le train
29%
2002 Coline Serreau Chaos
29%
2024 Jean-Baptiste Durand Chien de la casse
29%
1983 Andrzej Wajda Danton
29%
2016 Jacques Audiard Dheepan
29%
2017 François Ozon Frantz
29%
1994 Claude Berri Germinal
29%
2024 Jeanne Herry Je verrai toujours vos visages
29%
1983 Bob Swaim La Balance
29%
2002 François Dupeyron La Chambre des officiers
29%
2015 Eric Lartigau La Famille Bélier
29%
2000 Patrice Leconte La Fille sur le pont
29%
2022 Catherine Corsini La Fracture
29%
1999 Erick Zonca La Vie rêvée des anges
29%
2018 Yvan Attal Le Brio
29%
1978 Pierre Schoendoerffer Le Crabe-Tambour
29%
1988 Jean-Loup Hubert Le Grand Chemin
29%
1977 Bertrand Tavernier Le Juge et l'Assassin
29%
2019 Jacques Audiard Les Frères Sisters
29%
1988 André Téchiné Les Innocents
29%
1995 André Téchiné Les Roseaux sauvages
29%
2004 Sylvain Chomet Les Triplettes de Belleville
29%
1984 Jean Becker L'Eté meurtrier
29%
2014 Alain Guiraudie L'Inconnu du lac
29%
2023 Louis Garrel L'Innocent
29%
2018 Hubert Charuel Petit Paysan
29%
1999 Nicole Garcia Place Vendôme
29%
2019 Jeanne Herry Pupille
29%
2005 Arnaud Desplechin Rois et Reine
29%
2001 Patricia Mazuy Saint-Cyr
29%
2009 Martin Provost Séraphine
29%
1984 Claude Berri Tchao Pantin
29%
1980 Roman Polanski Tess
29%
1987 Alain Cavalier Thérèse
29%
2011 Mathieu Amalric Tournée
29%
2009 Arnaud Desplechin Un conte de Noël
29%
1983 Jacques Demy Une chambre en ville
29%
1987 Jean-Jacques Beineix 37°2 le matin
25%
2021 Caroligne Vignal Antoinette dans les Cévennes
25%
1997 Bertrand Tavernier Capitaine Conan
25%
1976 Jean-Charles Tacchela Cousin, Cousine
25%
2019 Pierre Salvadori En liberté !
25%
2013 Leos Carax Holy Motors
25%
1993 Bertrand Tavernier L.627
25%
1978 Claude Goretta La Dentellière
25%
2010 Jean-Paul Lilienfeld La Journée de la jupe
25%
1979 Christian de Chalonge L'Argent des autres
25%
2016 Emmanuelle Bercot La Tête haute
25%
1996 Etienne Chatiliez Le bonheur est dans le pré
25%
1998 Philippe de Broca Le Bossu
25%
1986 Claude Miller L'Effrontée
25%
1995 Nicole Garcia Le Fils préféré
25%
2011 Michel Leclerc Le Nom des gens
25%
1993 Christine Pascal Le petit prince a dit
25%
1985 Eric Rohmer Les Nuits de la pleine lune
25%
1982 Claude Lelouch Les Uns et les Autres
25%
2022 Audrey Diwan L'Evénement
25%
2012 Pierre Schoeller L'Exercice de l'Etat
25%
2017 Nicole Garcia Mal de pierres
25%
1987 Alain Resnais Mélo
25%
1992 Bertrand Blier Merci la vie
25%
1979 Ariane Mnouchkine Molière
25%
1981 Alain Resnais Mon oncle d'Amérique
25%
1996 Claude Sautet Nelly et Monsieur Arnaud
25%
2004 Alain Resnais Pas sur la bouche
25%
1986 Michel Deville Péril en la demeure
25%
2015 Olivier Assayas Sils Maria
25%
2002 François Ozon Sous le sable
25%
2002 Jacques Audiard Sur mes lèvres
25%
2008 Claude Miller Un secret
25%
2006 Radu Mihaileanu Va, vis et deviens
25%
2021 Sébastien Lifshitz Adolescentes
21%
2004 Jean-Paul Rappeneau Bon Voyage
21%
1985 Francesco Rosi Carmen
21%
2000 Régis Wargnier Est-Ouest
21%
1982 Claude Miller Garde à vue
21%
1980 Henri Verneuil I ... comme Icare
21%
2007 Philippe Lioret Je vais bien, ne t'en fais pas
21%
1977 Claude Miller La Meilleure Façon de marcher
21%
2010 Radu Mihaileanu Le Concert
21%
1996 Jean-Paul Rappeneau Le Hussard sur le toit
21%
1991 Jacques Doillon Le Petit Criminel
21%
2009 Rémi Bezançon Le Premier Jour du reste de ta vie
21%
2001 Jean-Pierre Denis Les Blessures assassines
21%
2000 Jean Becker Les Enfants du marais
21%
2010 Alain Resnais Les Herbes folles
21%
2004 Denys Arcand Les Invasions barbares
21%
1981 Maurice Pialat Loulou
21%
2016 Xavier Giannoli Marguerite
21%
2009 Cédric Klapisch Paris
21%
2012 Alain Cavalier Pater
21%
2010 Lucas Belvaux Rapt
21%
1986 Agnès Varda Sans toi ni loi
21%
1988 Patrice Leconte Tandem
21%
2011 Roman Polanski The Ghost Writer
21%
1985 Bertrand Tavernier Un dimanche à la campagne
21%
2001 Bernard Rapp Une affaire de goût
21%
1990 Eric Rochant Un monde sans pitié
21%
1998 Manuel Poirier Western
21%
2010 Xavier Giannoli A l'origine
17%
2019 Emmanuel Finkiel La Douleur
17%
1989 Michel Deville La Lectrice
17%
1990 Bertrand Tavernier La Vie et rien d'autre
17%
1991 Patrice Leconte Le Mari de la coiffeuse
17%
2006 Jean-Pierre et Luc Dardenne L'Enfant
17%
2006 Xavier Beauvois Le Petit Lieutenant
17%
2017 Anne Fontaine Les Innocentes
17%
2004 Noémie Lvovsky Les Sentiments
17%
1994 André Téchiné Ma saison préférée
17%
1997 Claude Nuridsany et Marie Pérennou Microcosmos: Le Peuple de l'herbe
17%
1990 Patrice Leconte Monsieur Hire
17%
2022 Arthur Harari Onoda, 10 000 nuits dans la jungle
17%
1983 Jean-Luc Godard Passion
17%
2007 Xavier Giannoli Quand j'étais chanteur
17%
1981 Jean-Luc Godard Sauve qui peut (la vie)
17%
2016 Arnaud Desplechin Trois souvenirs de ma jeunesse
17%
1993 Claude Sautet Un coeur en hiver
17%
1979 Claude Sautet Une histoire simple
17%
1991 Claude Berri Uranus
17%
2017 Justine Triet Victoria
17%
1977 André Téchiné Barocco
13%
1984 Diane Kurys Coup de foudre
13%
1980 Joseph Losey Don Giovanni
13%
2015 Robin Campillo Eastern Boys
13%
2009 Philippe Claudel Il y a longtemps que je t'aime
13%
1985 Alain Resnais L'Amour à mort
13%
1997 André Téchiné Les Voleurs
13%
1978 Yves Robert Nous irons tous au paradis
13%
2023 Albert Serra Pacifiction : Tourment sur les Îles
13%
1980 Costa-Gavras Clair de femme
8%
2014 Arnaud Desplechin Jimmy P. (Psychothérapie d'un Indien des Plaines)
8%
1979 Michel Deville Le Dossier 51
8%
1990 Alain Corneau Nocturne indien
8%
1976 Jacques Rouffio Sept morts sur ordonnance
8%
2009 Jean-François Richet Mesrine : L'instinct de mort et L'Ennemi public n° 1
0%
Aucun quiz correspondant
Distribution des résultats
% des personnes avec chaque résultat
Percentile par nombre de réponses
Votre historique - résultats
Vous n’avez pas pris ce quiz depuis la dernière actualisation